[Event "POL-ch"]
[Site "Lublin"]
[Date "1988.??.??"]
[Round "11"]
[White "Borkowski, Franciszek"]
[Black "Twardon, Marian"]
[Result "1-0"]
[WhiteElo "2415"]
[BlackElo "2350"]

1.e4 e5 2.Nf3 Nc6 3.Bb5 a6 4.Ba4 Nf6 5.O-O Be7 6.Re1 b5 7.Bb3 d6 8.c3 O-O
9.h3 Bb7 10.d4 Re8 11.Nbd2 Bf8 12.a3 Qd7 13.Bc2 Rad8 14.d5 Ne7 15.b3 c6 16.c4 Qc7
17.Nf1 cxd5 18.cxd5 Rc8 19.Ne3 g6 20.Bd2 Bg7 21.a4 Ra8 22.Rc1 Qd7 23.Kh2 Nh5
24.Bd3 Nf4 25.Ba5 Rec8 26.Rxc8+ Rxc8 27.axb5 Nxd3 28.Qxd3 axb5 29.Ng1 f5
30.f3 Bh6 31.Bb4 f4 32.Nd1 Bf8 33.Nc3 Ba6 34.Ra1 Ra8 35.Ra5 Nc8 36.Qd2 Be7
37.g3 fxg3+ 38.Kxg3 Bd8 39.Ra2 Bb6 40.Nce2 Bb7 41.Rxa8 Bxa8 42.Kg2 Bb7 43.Qg5 Qd8
44.Qxd8+ Bxd8 45.f4 exf4 46.Nxf4 Kf7 47.Nf3 Bf6 48.Ne6 h6 49.Nc7 Be7 50.Nd4 Bf6
51.Ndxb5 Ke7 52.Na3 Kd7 53.Ne6 Be7 54.Nc4 Ba6 55.Ba5 Na7 56.Nb6+  1-0

[Event "POL-ch"]
[Site "Lublin"]
[Date "1988.??.??"]
[Round "14"]
[White "Sznapik, Aleksander"]
[Black "Twardon, Marian"]
[Result "1/2-1/2"]
[WhiteElo "2480"]
[BlackElo "2350"]

1.e4 e5 2.Nf3 Nc6 3.Bb5 a6 4.Ba4 Nf6 5.O-O Be7 6.Re1 b5 7.Bb3 d6 8.c3 O-O
9.h3 Bb7 10.d4 Re8 11.Nbd2 Bf8 12.Bc2 g6 13.b3 d5 14.dxe5 Nxe5 15.Nxe5 Rxe5
16.f4 Re8 17.e5 Bc5+ 18.Kh2 Nh5 19.Qf3 f6 20.b4 Bb6 21.f5 Rxe5 22.Rxe5 Qd6
23.Nf1 fxe5 24.Kh1 e4 25.Qg4 Rf8 26.Be3 Rxf5 27.Bxb6 Qxb6 28.Ng3 Rf4 29.Qg5 Nxg3+
30.Qxg3 Qf6 31.Bb3 Qh4 32.Qxh4 Rxh4 33.Rf1 Kg7 34.Kh2 Rh5 35.g4 Re5 36.Kg3 g5
37.Kf2 Re6 38.Ke3 Rf6 39.Rxf6 Kxf6 40.Kd4 Ke6 41.Bd1 Kd6 42.a3 Bc8 43.Be2 Bd7
44.Bd1 Be8 45.Be2 Bg6 46.Bd1 e3 47.Kxe3 Ke5 48.a4 bxa4 49.Bxa4 Be4 50.Bd1 Bg2
51.Be2 Bxh3 52.Kf3 h5 53.gxh5 Bf5 54.Bxa6 d4  1/2-1/2

[Event "Munich"]
[Site "Munich"]
[Date "1988.??.??"]
[Round "?"]
[White "Hjartarson, Johann"]
[Black "Smejkal, Jan"]
[Result "1-0"]
[WhiteElo "2590"]
[BlackElo "2515"]

1.e4 e5 2.Nf3 Nc6 3.Bb5 a6 4.Ba4 Nf6 5.O-O Be7 6.Re1 b5 7.Bb3 d6 8.c3 O-O
9.h3 Bb7 10.d4 Re8 11.Nbd2 Bf8 12.a3 h6 13.Bc2 Nb8 14.b4 Nbd7 15.Bb2 c5 16.bxc5 exd4
17.cxd4 dxc5 18.d5 Qc7 19.Nf1 c4 20.Ng3 a5 21.Nf5 g6 22.d6 Qc6 23.N3d4 Qc5
24.Qf3 b4 25.Rad1 Qe5 26.Ne7+ Bxe7 27.dxe7 Qxe7 28.Qf4 Qf8 29.Nb5 c3 30.Bc1 Re5
31.Nd6 Bc6 32.Bb3 Re7 33.axb4 axb4 34.e5 Nh5 35.Qxb4 Nxe5 36.Qxc3 Kh7 37.Rxe5 Qg7
38.Qxc6 Qxe5 39.Qxa8 Nf6 40.Nxf7  1-0

[Event "URS-chT"]
[Site "Naberezhnie Chelni"]
[Date "1988.??.??"]
[Round "?"]
[White "Dvoirys, Semen I"]
[Black "Timoshchenko, Gennadi A"]
[Result "1/2-1/2"]
[WhiteElo "2440"]
[BlackElo "2455"]

1.e4 e5 2.Nf3 Nc6 3.Bb5 a6 4.Ba4 Nf6 5.O-O Be7 6.Re1 b5 7.Bb3 O-O 8.c3 d6
9.h3 Bb7 10.d4 Re8 11.a4 h6 12.Nbd2 Bf8 13.Bc2 exd4 14.cxd4 Nb4 15.Bb1 c5
16.d5 Nd7 17.Ra3 c4 18.Nd4 Qf6 19.N2f3 Nc5 20.axb5 axb5 21.Nxb5 Rxa3 22.Nxa3 Ba6
23.Re3 Rb8 24.e5 dxe5 25.Nxe5 Ncd3 26.Ng4 Qd4 27.Nc2 Nxc2 28.Bxc2 Bd6 29.b3 Qa1
30.bxc4 Bxc4 31.Bxd3 Bxd3 32.Re1 Bg6 33.Bd2 Rb1 34.Qe2 Rxe1+ 35.Qxe1 Qxe1+
36.Bxe1 Be4 37.Ne3 Bc5  1/2-1/2

[Event "Naleczow"]
[Site "Naleczow"]
[Date "1988.??.??"]
[Round "4"]
[White "Hawelko, Marek"]
[Black "Solozhenkin, Evgeniy"]
[Result "1-0"]
[WhiteElo "2410"]
[BlackElo "2400"]

1.e4 e5 2.Nf3 Nc6 3.Bb5 a6 4.Ba4 Nf6 5.O-O Be7 6.Re1 b5 7.Bb3 d6 8.c3 O-O
9.h3 Bb7 10.d4 Qd7 11.Nbd2 Rae8 12.Nf1 exd4 13.cxd4 Na5 14.Bc2 d5 15.e5 Ne4
16.Ne3 f5 17.exf6 Bxf6 18.Ng4 Qf5 19.Be3 Nc4 20.b3 Nxe3 21.Rxe3 c5 22.Nxf6+ Qxf6
23.dxc5 Nc3 24.Qd3 Ne2+ 25.Kh2 Re4 26.Re1 Nf4 27.Qf1 Nxg2 28.Kxg2 Rf4 29.Qd3 Qh6
30.c6 Bxc6 31.Re6 R4f6 32.Rxf6 Rxf6 33.Qd4 Rf4 34.Qe5 d4 35.Be4 Bd7 36.Bd5+  1-0

[Event "Naleczow"]
[Site "Naleczow"]
[Date "1988.??.??"]
[Round "12"]
[White "Solozhenkin, Evgeniy"]
[Black "Szymczak, Zbigniew"]
[Result "1-0"]
[WhiteElo "2400"]
[BlackElo "2340"]

1.e4 e5 2.Nf3 Nc6 3.Bb5 a6 4.Ba4 Nf6 5.O-O Be7 6.Re1 b5 7.Bb3 d6 8.c3 O-O
9.h3 Bb7 10.d4 Re8 11.Nbd2 Bf8 12.a3 h6 13.Bc2 Nb8 14.b4 Nbd7 15.Bb2 g6 16.Qb1 Bg7
17.Nb3 Rc8 18.Na5 Ba8 19.Bd3 d5 20.Nxe5 Nxe5 21.dxe5 Nxe4 22.f3 Ng5 23.f4 Nxh3+
24.gxh3 Qh4 25.Bf1 Qxf4 26.Re2 Rxe5 27.Qc1 Qg3+ 28.Rg2 Qxh3 29.Qf4 Qe3+ 30.Qxe3 Rxe3
31.Re2 Rxe2 32.Bxe2 c5 33.Nb3 cxb4 34.axb4 Bxc3 35.Bxc3 Rxc3 36.Nc5 d4 37.Rxa6 Rc1+
38.Kf2 Bd5 39.Bxb5 h5 40.Rd6 Rc2+ 41.Kg3 Bg2 42.Ba4 Re2 43.Bb3 Kg7 44.Rd7 g5
45.Rxf7+ Kg6 46.Rf2 Rxf2 47.Kxf2 Bc6 48.Bc4 Kf6 49.b5  1-0

[Event "Pau op"]
[Site "Pau"]
[Date "1988.??.??"]
[Round "5"]
[White "Antunes, Antonio"]
[Black "Izeta Txabarri, Felix"]
[Result "1-0"]
[WhiteElo "2390"]
[BlackElo "2375"]

1.e4 e5 2.Nf3 Nc6 3.Bb5 a6 4.Ba4 Nf6 5.O-O Be7 6.Re1 b5 7.Bb3 d6 8.c3 O-O
9.h3 Bb7 10.d4 Re8 11.Nbd2 Bf8 12.a4 h6 13.Bc2 exd4 14.cxd4 Nb4 15.Bb1 c5
16.d5 Nd7 17.Ra3 f5 18.exf5 Nf6 19.Nh4 Rxe1+ 20.Qxe1 Qe8 21.Qd1 Bxd5 22.Ng6 Nc6
23.Nf3 Rd8 24.Re3 Qf7 25.Nf4 Ba2 26.Bxa2 Qxa2 27.Ne6 Rd7 28.axb5 axb5 29.Ra3 Qc4
30.Ra8 Nh7 31.b3 Qc3 32.Nxf8 Nxf8 33.Qd5+ Rf7 34.Bd2 Qc2 35.Qxc6 Qxb3 36.Qxd6 Qb1+
37.Kh2 Qxf5 38.Be3 c4 39.Nd4 Qe4 40.Rb8 c3 41.Rxb5 c2 42.Rc5 Rd7 43.Qb8  1-0

[Event "World op"]
[Site "Philadelphia"]
[Date "1988.??.??"]
[Round "?"]
[White "Byrne, Robert E"]
[Black "Blocker, Calvin"]
[Result "1-0"]
[WhiteElo "2490"]
[BlackElo "2390"]

1.e4 e5 2.Nf3 Nc6 3.Bb5 a6 4.Ba4 Nf6 5.O-O Be7 6.Re1 b5 7.Bb3 d6 8.c3 O-O
9.h3 Bb7 10.d4 Na5 11.Bc2 Nc4 12.b3 Nb6 13.Nbd2 Re8 14.Bb2 Bf8 15.Bd3 c5
16.Qb1 Qd7 17.dxe5 dxe5 18.c4 Rad8 19.Bf1 b4 20.g3 Qc7 21.Bg2 g6 22.Nf1 a5
23.N3h2 Bh6 24.Ne3 Bxe3 25.Rxe3 a4 26.Re1 a3 27.Bc1 Bc8 28.Nf1 Rd6 29.Ne3 Qd8
30.Qc2 Qc7 31.Bd2 Nfd7 32.Nd5 Qd8 33.Be3 Na8 34.f4 Nc7 35.fxe5 Rxe5 36.Nxc7 Qxc7
37.Bf4 g5 38.Bxe5 Nxe5 39.Rad1 Rg6 40.Qf2 Be6 41.Rd2 Kg7 42.Red1 g4 43.h4 Rf6
44.Qe1 Nf3+ 45.Bxf3 gxf3 46.Kf2 Qe5 47.Qe3 h6 48.Rd8 Qb2+ 49.R1d2 Qa1 50.Qxc5 Qh1
51.Qf8+ Kg6 52.Qg8+ Kh5 53.R8d5+ Bf5 54.Rxf5+ Rxf5 55.g4+  1-0

[Event "Bohemians"]
[Site "Prague"]
[Date "1988.??.??"]
[Round "?"]
[White "Prandstetter, Eduard"]
[Black "Vokac, Marek"]
[Result "1/2-1/2"]
[WhiteElo "2395"]
[BlackElo "2410"]

1.e4 e5 2.Nf3 Nc6 3.Bb5 a6 4.Ba4 Nf6 5.O-O Be7 6.Re1 b5 7.Bb3 O-O 8.c3 d6
9.h3 Bb7 10.d4 Re8 11.a4 h6 12.Nbd2 Bf8 13.Bc2 exd4 14.Nxd4 Qd7 15.axb5 Nxd4
16.cxd4 axb5 17.Rxa8 Bxa8 18.d5 c6 19.dxc6  1/2-1/2

[Event "Riga"]
[Site "Riga"]
[Date "1988.??.??"]
[Round "?"]
[White "Klovans, Janis"]
[Black "Podgaets, Mikhail"]
[Result "1/2-1/2"]
[WhiteElo "2400"]
[BlackElo "2450"]

1.e4 e5 2.Nf3 Nc6 3.Bb5 a6 4.Ba4 Nf6 5.O-O Be7 6.Re1 b5 7.Bb3 d6 8.c3 O-O
9.h3 Bb7 10.d4 Re8 11.a4 h6 12.Nbd2 Bf8 13.Bc2 exd4 14.cxd4 Nb4 15.Bb1 bxa4
16.Rxa4 a5 17.Ra3 Ra6 18.Nh2 g6 19.Ng4 Nxg4 20.hxg4 Bg7 21.Nf3  1/2-1/2

[Event "Saint John op-2"]
[Site "Saint John"]
[Date "1988.??.??"]
[Round "?"]
[White "Lau, Ralf"]
[Black "Martinovsky, Eugene"]
[Result "1-0"]
[WhiteElo "2540"]
[BlackElo "2295"]

1.e4 e5 2.Nf3 Nc6 3.Bb5 a6 4.Ba4 Nf6 5.O-O Be7 6.Re1 b5 7.Bb3 d6 8.c3 O-O
9.h3 Bb7 10.d4 Re8 11.Nbd2 Bf8 12.a3 g6 13.d5 Ne7 14.c4 c6 15.Ba2 cxd5 16.cxd5 Bg7
17.b4 Rc8 18.Bb2 Qb6 19.Nb3 Nh5 20.Na5 Ba8 21.Qd2 h6 22.Bb3 Kh8 23.Rad1 Rf8
24.Nh2 Nf4 25.g3 Nxh3+ 26.Kg2 Ng5 27.f4 exf4 28.gxf4 Nh7 29.Ng4 f5 30.Nxh6 fxe4
31.Rxe4 Nxd5 32.Bxd5 Bxd5 33.Bxg7+ Kxg7 34.Qxd5 Rc2+ 35.Rd2 Rxd2+ 36.Qxd2 Kxh6
37.Re7 Qd8 38.Nc6 Qa8 39.Qxd6 Rc8 40.Re6 Nf8 41.Rf6 Kg7 42.Kg3 Qb7 43.Ne5 Rc3+
44.Kf2 Qa7+ 45.Kf1 Rc1+ 46.Ke2 Re1+ 47.Kxe1 Qg1+ 48.Ke2 Qh2+ 49.Kd3 Qg3+
50.Kd4 Qg1+ 51.Kd5 Qg2+ 52.Kc5 Qc2+ 53.Kb6 Qf2+ 54.Kxa6  1-0

[Event "Saint John op-2"]
[Site "Saint John"]
[Date "1988.??.??"]
[Round "?"]
[White "Benjamin, Joel"]
[Black "Gligoric, Svetozar"]
[Result "1-0"]
[WhiteElo "2565"]
[BlackElo "2515"]

1.e4 e5 2.Nf3 Nc6 3.Bb5 a6 4.Ba4 Nf6 5.O-O Be7 6.Re1 b5 7.Bb3 d6 8.c3 O-O
9.h3 Bb7 10.d4 Re8 11.Nbd2 Bf8 12.a3 h6 13.Bc2 Nb8 14.b4 Nbd7 15.Bb2 g6 16.Qb1 Bg7
17.Nb3 Rb8 18.Na5 Ba8 19.d5 Nb6 20.Bb3 Qd7 21.Qa2 Rf8 22.c4 bxc4 23.Bxc4 Nxc4
24.Qxc4 Rb6 25.Rac1 Ne8 26.Rc2 Kh7 27.Nd2 f5 28.Qd3 h5 29.Ndc4 Rb5 30.f3 Bf6
31.Bc3 Bh4 32.Rd1 Bg3 33.Qe3 Nf6 34.Be1 Bxe1 35.Rxe1 fxe4 36.fxe4 Rbb8 37.Nd2 Rbc8
38.Rec1 Bxd5 39.exd5 Nxd5 40.Qe4 Qb5 41.Nf3 Rf4 42.Qe2 Qd7 43.Nc4 Rff8 44.Qd2 Nf6
45.Ncxe5  1-0

[Event "SCO-ch"]
[Site "?"]
[Date "1988.??.??"]
[Round "?"]
[White "Ady, Jonathan James"]
[Black "Mannion, Stephen R"]
[Result "0-1"]
[WhiteElo "2300"]
[BlackElo "2280"]

1.e4 e5 2.Nf3 Nc6 3.Bb5 a6 4.Ba4 Nf6 5.O-O Be7 6.Re1 b5 7.Bb3 d6 8.c3 O-O
9.h3 Bb7 10.d4 Re8 11.Nbd2 Bf8 12.a3 h6 13.d5 Nb8 14.c4 c6 15.dxc6 Bxc6 16.Bc2 Nbd7
17.b3 Qc7 18.Bb2 Rec8 19.Rc1 Qb7 20.Qe2 a5 21.cxb5 Bxb5 22.Bd3 Bxd3 23.Qxd3 Rxc1
24.Bxc1 Nc5 25.Qb1 Rc8 26.Bb2 Nxb3 27.Bxe5 dxe5 28.Nxb3 Rb8 29.Nbd2 Bxa3
30.Nxe5 Qxb1 31.Rxb1 Rxb1+ 32.Nxb1 Bc5 33.Nd2 a4 34.Nd3 Bd4 35.Kf1 Bc3 36.Ke2 a3
37.Nc1 Bxd2 38.Kxd2 Nxe4+ 39.Ke3 Nc3 40.Kd2 a2 41.Nb3 Ne4+ 42.Ke3 Nc5 43.Na1 Kf8
44.Kd4 Ne6+ 45.Ke5 Ke7 46.f4 Nf8 47.g3 Nd7+ 48.Kd5 Kf6 49.g4 g5 50.Ke4 Nf8
51.fxg5+ hxg5 52.Nb3 Ng6 53.Na1 Nh4 54.Nb3 Ke6 55.Na1 Kd6 56.Nb3 f6  0-1

[Event "URS-FL56"]
[Site "Simferopol"]
[Date "1988.??.??"]
[Round "?"]
[White "Lputian, Smbat G"]
[Black "Basin, Leonid"]
[Result "1/2-1/2"]
[WhiteElo "2540"]
[BlackElo "2350"]

1.e4 e5 2.Nf3 Nc6 3.Bb5 a6 4.Ba4 Nf6 5.O-O b5 6.Bb3 d6 7.Re1 Be7 8.c3 O-O
9.h3 Bb7 10.d4 Re8 11.Ng5 Rf8 12.Nf3 Re8 13.Ng5 Rf8 14.Nf3 Re8 15.Ng5  1/2-1/2

[Event "Tel Aviv"]
[Site "Tel Aviv"]
[Date "1988.??.??"]
[Round "?"]
[White "Liberzon, Vladimir M"]
[Black "Shvidler, Eliahu"]
[Result "1/2-1/2"]
[WhiteElo "2460"]
[BlackElo "2440"]

1.e4 e5 2.Nf3 Nc6 3.Bb5 a6 4.Ba4 Nf6 5.O-O Be7 6.Re1 b5 7.Bb3 d6 8.c3 O-O
9.h3 Bb7 10.d4 Re8 11.Nbd2 Bf8 12.Bc2 Rc8 13.a3 Nb8 14.b4 Nbd7 15.Bb2 c5
16.bxc5 exd4 17.cxd4 dxc5 18.Qb1 c4 19.Bc3 g6 20.Qb2 Qb6 21.Rab1 Ba8  1/2-1/2

[Event "Thessaloniki ol (Men)"]
[Site "Thessaloniki"]
[Date "1988.??.??"]
[Round "4"]
[White "Hellers, Ferdinand"]
[Black "Barus, Cerdas"]
[Result "1-0"]
[WhiteElo "2490"]
[BlackElo "2330"]

1.e4 e5 2.Nf3 Nc6 3.Bb5 a6 4.Ba4 Nf6 5.O-O b5 6.Bb3 Be7 7.Re1 d6 8.c3 O-O
9.h3 Bb7 10.d4 Re8 11.Nbd2 Bf8 12.a3 h6 13.Bc2 Nb8 14.b4 Nbd7 15.Bb2 c5 16.bxc5 dxc5
17.Nxe5 Nxe5 18.dxe5 Rxe5 19.c4 Re8 20.e5 Nh7 21.Qe2 Ng5 22.Rad1 Qb6 23.f4 Ne6
24.Qd3 g6 25.f5 gxf5 26.Qxf5 Bg7 27.Rf1 Re7 28.Ne4 Bxe4 29.Bxe4 Rd8 30.Rd6 Qc7
31.Qh7+ Kf8 32.h4 Nd4 33.Bxd4 cxd4 34.Rg6 Qxe5 35.Rf5 Qxe4 36.Rxg7 Qe1+ 37.Rf1 Qe3+
38.Kh1 Ke8 39.Rgxf7 Rd6 40.Rxe7+ Qxe7 41.Qg8+ Kd7 42.Rf7 bxc4 43.Rxe7+ Kxe7
44.Qxc4 d3 45.Kg1 d2 46.Qe2+ Kf6 47.Qd1 h5 48.Kf2 Rd5 49.a4 a5 50.Ke3 Re5+
51.Kd4 Re8 52.Qf3+ Kg7 53.Kc3 Rd8 54.Qg3+ Kf8 55.Qf4+ Ke8 56.Qxd2 Rxd2 57.Kxd2 Kd7
58.Kd3 Ke6 59.Ke4 Kd6 60.Kf4 Kc5 61.g4  1-0

[Event "Thessaloniki ol (Men)"]
[Site "Thessaloniki"]
[Date "1988.??.??"]
[Round "4"]
[White "Barcenilla, Rogelio"]
[Black "Henao, Raul Fernando"]
[Result "0-1"]
[WhiteElo "2320"]
[BlackElo "2340"]

1.e4 e5 2.Nf3 Nc6 3.Bb5 a6 4.Ba4 Nf6 5.O-O Be7 6.Re1 b5 7.Bb3 d6 8.c3 O-O
9.h3 Bb7 10.d4 Re8 11.Ng5 Rf8 12.f4 exf4 13.Bxf4 Na5 14.Bc2 Nd5 15.Qh5 h6
16.exd5 Bxg5 17.Bg3 g6 18.Qf3 Nc4 19.Na3 Nb6 20.Bb3 h5 21.Nc2 Qd7 22.h4 Bh6
23.a3 a5 24.Ne3 Rfe8 25.Bf4 Bg7 26.g4 hxg4 27.Nxg4 Bxd5 28.Bxd5 Nxd5 29.Nh6+ Kh7
30.Qxd5 Bxh6 31.Bg3 Bd2 32.Rf1 Kg7 33.h5 Qe6 34.Qxe6 Rxe6 35.hxg6 Rxg6 36.Rf3 Re8
37.Kf2 Re4 38.Rd1 Bg5 39.Rh1 Rge6 40.Kg2 Rf6 41.Rxf6 Kxf6 42.Rf1+ Ke6 43.Rf2 a4
44.d5+ Ke7 45.Kf3 f5 46.Rh2 Re3+ 47.Kf2 Rd3 48.Rh7+ Kd8 49.Rh5 Bc1 50.Rh8+ Kd7
51.Bh4 Rxd5 52.Rh7+ Kc8  0-1

[Event "Thessaloniki ol (Men)"]
[Site "Thessaloniki"]
[Date "1988.??.??"]
[Round "5"]
[White "Wang Zili"]
[Black "Shvidler, Eliahu"]
[Result "1-0"]
[WhiteElo "2310"]
[BlackElo "2430"]

1.e4 e5 2.Nf3 Nc6 3.Bb5 a6 4.Ba4 Nf6 5.O-O Be7 6.Re1 b5 7.Bb3 d6 8.c3 O-O
9.h3 Bb7 10.d4 Re8 11.Nbd2 Bf8 12.d5 Nb8 13.Nf1 h6 14.Ng3 Nbd7 15.Nf5 Nc5
16.Bc2 c6 17.b4 Na4 18.Bxa4 bxa4 19.c4 cxd5 20.cxd5 Qd7 21.Nh2 Kh7 22.Qf3 Ng8
23.Bd2 Rac8 24.Rac1 Rxc1 25.Rxc1 Rc8 26.Ne3 Rxc1+ 27.Bxc1 g6 28.Bd2 Kg7 29.Nhf1 Qb5
30.Qd1 Qd3 31.f3 Qb5 32.Qc2 a5 33.bxa5 Ba6 34.Qc6 Qe2 35.Qxa4 Be7 36.Qd1 Qd3
37.Qc2 Qe2 38.Bb4 Qb5 39.Qc6 Qxb4 40.Qxa6 Bd8 41.Nc4 Bg5 42.Qc6 Ne7 43.Qc7 Qa4
44.Nxd6 Qd4+ 45.Kh1 Qd1 46.Qc4 Qe1 47.a6 Qf2 48.a4 Ng8 49.Ne8+ Kf8 50.Qb5 Bd8
51.a5 Nf6 52.Nxf6 Bxf6 53.d6 Bg5 54.a7 Qxa7 55.Qb6 Qd7 56.a6 Qa4 57.d7 Qd1
58.Kg1  1-0

[Event "Thessaloniki ol (Men)"]
[Site "Thessaloniki"]
[Date "1988.??.??"]
[Round "6"]
[White "Wang Zili"]
[Black "Henao, Raul Fernando"]
[Result "1-0"]
[WhiteElo "2310"]
[BlackElo "2340"]

1.e4 e5 2.Nf3 Nc6 3.Bb5 a6 4.Ba4 Nf6 5.O-O Be7 6.Re1 b5 7.Bb3 d6 8.c3 O-O
9.h3 Bb7 10.d4 Re8 11.Nbd2 Bf8 12.d5 Nb8 13.Nf1 c6 14.dxc6 Bxc6 15.Ng3 Ra7
16.a4 Rd7 17.axb5 axb5 18.Bg5 h6 19.Bxf6 Qxf6 20.Nh2 Rc8 21.Ng4 Qd8 22.Ne3 Rb7
23.Nc2 Nd7 24.Nb4 Nb6 25.Ra6 Be8 26.Nf5 Nc4 27.Qe2 g6 28.Ne3 Nxe3 29.Qxe3 Qg5
30.Qd3 Kh8 31.Rea1 Qd8 32.Qf3 Kg7 33.Qe3 Qg5 34.Qxg5 hxg5 35.Ra7 Rcc7 36.Rxb7 Rxb7
37.Ra8 Bd7 38.Bd5 Rc7 39.Na6 Rc8 40.Ra7 Rd8 41.Rb7 Kh6 42.Nc7 f5 43.Nxb5 fxe4
44.g4 Bxb5 45.Rxb5 Rd7 46.b4 Be7 47.Rb8 Ra7 48.b5 Ra1+ 49.Kg2 Rd1 50.c4 Rd2
51.Kf1  1-0

[Event "Thessaloniki ol (Men)"]
[Site "Thessaloniki"]
[Date "1988.??.??"]
[Round "6"]
[White "Gutierrez, Jose Antonio"]
[Black "Lin Ta"]
[Result "0-1"]
[WhiteElo "2355"]
[BlackElo "2380"]

1.e4 e5 2.Nf3 Nc6 3.Bb5 a6 4.Ba4 Nf6 5.O-O Be7 6.Re1 b5 7.Bb3 O-O 8.c3 d6
9.h3 Bb7 10.d4 Re8 11.Ng5 Rf8 12.Nf3 Re8 13.Nbd2 Bf8 14.Bc2 g6 15.d5 Nb8
16.Nf1 h6 17.Ne3 c6 18.dxc6 Bxc6 19.Ng4 Nxg4 20.hxg4 Nd7 21.Nh2 Nc5 22.Qf3 Ne6
23.Bb3 Ra7 24.Be3 Rd7 25.Rad1 Qa8 26.Bc1 Bg7 27.Nf1 Red8 28.Bd5 Rf8 29.Qh3 Bxd5
30.exd5 Ng5 31.Bxg5 hxg5 32.Ng3 Qd8 33.Re4 Rb7 34.Rd3 Qc8 35.Rf3 Qc5 36.Rd3 b4
37.c4 f6 38.b3 Rbf7 39.Rf3 Qc8 40.Kh2 f5 41.c5 dxc5 42.Rd3 fxe4 43.Nxe4 Bf6
44.Qe3 Qxg4 45.Nxc5 Qf4+ 46.Kh1 Rc8  0-1

[Event "Thessaloniki ol (Men)"]
[Site "Thessaloniki"]
[Date "1988.??.??"]
[Round "12"]
[White "Solomon, Stephen J"]
[Black "Barus, Cerdas"]
[Result "1/2-1/2"]
[WhiteElo "2345"]
[BlackElo "2330"]

1.e4 e5 2.Nf3 Nc6 3.Bb5 a6 4.Ba4 Nf6 5.O-O Be7 6.Re1 b5 7.Bb3 d6 8.c3 O-O
9.h3 Bb7 10.d4 Re8 11.a4 Bf8 12.d5 Na5 13.Ba2 c6 14.dxc6 Bxc6 15.axb5 axb5
16.Bg5 Be7 17.Bxf6 Bxf6 18.Na3 Qd7 19.Bd5 Qb7 20.Bxc6 Qxc6 21.Nc2 Nc4 22.Nb4 Qc5
23.Qe2 Be7 24.Nd5 Kf8 25.Nd2 Nxd2 26.Qxd2 h6 27.b4 Qc6 28.Qd3 Bg5 29.Reb1 Reb8
30.g3 Bd8 31.Kg2 Kg8 32.Rc1 Kh7 33.Qf1 Bg5 34.Rd1 Bd8 35.Rd2 Rxa1 36.Qxa1 Qc4
37.Qe1 Bg5 38.f4 Bd8 39.Qe2 Qc6 40.f5 Ra8 41.Ra2 Ra6 42.h4 Qa8 43.Rxa6 Qxa6
44.Kf2 Kg8 45.Kg2 Kh7 46.Kh3 Qa1 47.Kh2 Qa6 48.Kg2 Kg8 49.Qf2 Qa1 50.Qf1 Qa4
51.Qb1 Qa7 52.Kf3 Kh7 53.Qf1 Qa4 54.Qb1 Qa7 55.Kg2 Kg8 56.Qf1 Qa2+ 57.Qf2 Qa6
58.f6 gxf6 59.Nxf6+ Bxf6 60.Qxf6 Qa2+ 61.Qf2 Qc4 62.Qf3 Kf8 63.Kh3 Ke7  1/2-1/2

[Event "Thessaloniki ol (Men)"]
[Site "Thessaloniki"]
[Date "1988.??.??"]
[Round "14"]
[White "Hellers, Ferdinand"]
[Black "Shvidler, Eliahu"]
[Result "1/2-1/2"]
[WhiteElo "2490"]
[BlackElo "2430"]

1.e4 e5 2.Nf3 Nc6 3.Bb5 a6 4.Ba4 Nf6 5.O-O Be7 6.Re1 b5 7.Bb3 d6 8.c3 O-O
9.h3 Bb7 10.d4 Re8 11.Nbd2 Bf8 12.a3 h6 13.Bc2 Nb8 14.b4 Nbd7 15.Bb2 c5 16.bxc5 exd4
17.cxd6 dxc3 18.Bxc3 Bxd6 19.e5 Nd5 20.Bb2 Bf8 21.Ne4 Rc8 22.Qd2 Qc7 23.Rac1 Qc4
24.Ng3 Qa2 25.Ra1 Qc4 26.Bf5 Nc5 27.Bxc8 Nb3 28.Bxb7 Nxd2 29.Nxd2  1/2-1/2

[Event "Tilburg"]
[Site "Tilburg"]
[Date "1988.??.??"]
[Round "?"]
[White "Timman, Jan H"]
[Black "Hjartarson, Johann"]
[Result "1-0"]
[WhiteElo "2660"]
[BlackElo "2610"]

1.e4 e5 2.Nf3 Nc6 3.Bb5 a6 4.Ba4 Nf6 5.O-O Be7 6.Re1 b5 7.Bb3 O-O 8.c3 d6
9.h3 Bb7 10.d4 Re8 11.Ng5 Rf8 12.Nf3 Re8 13.Nbd2 Bf8 14.a3 h6 15.Bc2 Nb8
16.b4 Nbd7 17.Bb2 g6 18.Rb1 Bg7 19.a4 Rb8 20.c4 bxc4 21.dxe5 Nxe5 22.Nxe5 dxe5
23.Nxc4 Qxd1 24.Rbxd1 Bc8 25.Bc3 Bf8 26.Rb1 Nd7 27.a5 c5 28.bxc5 Rxb1 29.Rxb1 Bxc5
30.Rd1 Nf6 31.Nd6 Rd8 32.Nxc8 Rxc8 33.Bxe5 Bxf2+ 34.Kxf2 Rxc2+ 35.Ke3 Rc6
36.Rd8+ Kg7 37.Rb8 Re6 38.Kd4 Kh7 39.Rf8 Kg7 40.Rd8 g5 41.Rd6 Rxd6+ 42.Bxd6 Kg6
43.e5 Ne8 44.Kc5 f5 45.Kb6  1-0

[Event "Tilburg"]
[Site "Tilburg"]
[Date "1988.??.??"]
[Round "?"]
[White "Short, Nigel D"]
[Black "Hjartarson, Johann"]
[Result "1/2-1/2"]
[WhiteElo "2665"]
[BlackElo "2610"]

1.e4 e5 2.Nf3 Nc6 3.Bb5 a6 4.Ba4 Nf6 5.O-O Be7 6.Re1 b5 7.Bb3 d6 8.c3 O-O
9.h3 Bb7 10.d4 Re8 11.Nbd2 Bf8 12.a3 h6 13.Bc2 Nb8 14.b4 Nbd7 15.Bb2 g6 16.Qb1 Bg7
17.Nb3 Rc8 18.Na5 Ba8 19.d5 Nb6 20.a4 Qd7 21.axb5 axb5 22.Bc1 Nh5 23.Be3 Nf4
24.Ra3 Kh8 25.Qd1 g5 26.Bxf4 gxf4 27.Nh4 Rg8 28.Nf5 Bf8 29.Bb3 Qd8 30.Qf3 Qg5
31.Rd1 Rd8 32.Ra2 Qg6 33.Rad2 Nd7 34.Bc2 Nf6 35.Kh1 Nh7 36.h4 Nf6 37.g3 h5
38.Rg1 Qg4 39.Kg2 Rb8 40.Rdd1 Rb6 41.Qxg4 hxg4 42.Rge1 f3+ 43.Kf1 Kh7 44.Ra1 Bh6
45.Ra3 Ra6 46.Rea1 Bd2 47.Bd3 Rb8 48.Rd1 Bh6 49.Ke1 Bf8 50.Rda1 c5 51.dxc6 Bxc6
52.Nxc6 Rxc6 53.Ra8 Rbc8 54.Rxc8 Rxc8 55.Kd2 d5 56.exd5 e4 57.Ra6 Nxd5 58.Bxe4 Nxc3
59.Bd3 Kg8 60.Nd6 Bh6+ 61.Kc2 Nd5+ 62.Nxc8 Nxb4+ 63.Kc3 Nxa6 64.Ne7+ Kh8
65.Nf5 Bf8 66.Bxb5 Nc7 67.Kc4 Ne6 68.Ne3 Bc5 69.Nd1 f5 70.Bd7 f4 71.Bxe6 fxg3
72.fxg3 f2 73.Nxf2 Bxf2 74.Bxg4 Bxg3 75.h5  1/2-1/2

[Event "SVK-ch"]
[Site "Trnava"]
[Date "1988.??.??"]
[Round "4"]
[White "Gazik, Igor"]
[Black "Franzen, Josef"]
[Result "1-0"]
[WhiteElo "2420"]
[BlackElo "2320"]

1.e4 e5 2.Nf3 Nc6 3.Bb5 a6 4.Ba4 Nf6 5.O-O Be7 6.Re1 b5 7.Bb3 O-O 8.c3 d6
9.h3 Bb7 10.d4 Re8 11.Nbd2 Bf8 12.Bc2 g6 13.b3 Nb8 14.b4 Nbd7 15.Bb2 Bg7
16.c4 exd4 17.cxb5 axb5 18.Nxd4 d5 19.Nxb5 dxe4 20.Nb3 Rb8 21.a4 Ba8 22.Qd2 Qc8
23.Bd4 Ne5 24.Qf4 Nd5 25.Qd2 Nf6 26.Nc5 Qxh3 27.gxh3 Nf3+ 28.Kg2 Nxd2 29.Nxc7 Rxb4
30.Be3 Nf3 31.Reb1 Rxb1 32.Rxb1 Rc8 33.Nxa8 Rxa8 34.Nxe4 Nh4+ 35.Kf1 Nf5
36.Bc5 Rc8 37.Rb5 Nd7 38.Bd3 Nxc5 39.Rxc5 Rd8 40.Bc4 Ra8 41.a5 Bd4 42.Rb5 Kg7
43.Bd5 Rd8 44.a6 Nd6 45.Rb4 Nxe4 46.Bxe4 Bc5 47.Rb5 Rd4 48.Rxc5 Rxe4 49.Ra5 Re8
50.a7 Ra8 51.Ke2 Kf6 52.Kd3 Ke6 53.Kc4 Kd6 54.Kb5 Kc7 55.Ka6 Re8 56.Rc5+ Kd6
57.Rb5  1-0

[Event "Candidats (Women)"]
[Site "Tskhaltubo"]
[Date "1988.??.??"]
[Round "?"]
[White "Brustman, Agnieszka"]
[Black "Akhmilovskaya, Elena"]
[Result "0-1"]
[WhiteElo "2395"]
[BlackElo "2400"]

1.e4 e5 2.Nf3 Nc6 3.Bb5 a6 4.Ba4 Nf6 5.O-O Be7 6.Re1 b5 7.Bb3 d6 8.c3 O-O
9.h3 Bb7 10.d4 Re8 11.Nbd2 Bf8 12.a3 g6 13.Ba2 Bg7 14.b4 Nb8 15.dxe5 dxe5
16.Ng5 Rf8 17.Nxf7 Rxf7 18.Nf3 Qxd1 19.Rxd1 Nc6 20.Ng5 Rf8 21.Be3 h6 22.Nxf7 Rxf7
23.f3 Kf8 24.Bc5+ Ke8 25.Bxf7+ Kxf7 26.a4 bxa4 27.Rxa4 Ke6 28.Ra2 Nd7 29.Bf2 Bf8
30.Rad2 Bc8 31.Rd5 Be7 32.Be3 h5 33.g3 Nb6 34.h4 Na7 35.R5d3 Nb5 36.Bg5 Bd6
37.Kf2 Nc4 38.Ra1 c5 39.bxc5 Bxc5+ 40.Kg2 Bd6 41.Bc1 Kd7 42.Ra4 Nb6 43.Ra2 Kc6
44.Bg5 Nc4 45.Bd8 Ba3 46.Bf6 Be6 47.Rf2 Bc5 48.Re2 a5 49.Rd8 a4 50.Re8 Nca3  0-1

[Event "Candidats (Women)"]
[Site "Tskhaltubo"]
[Date "1988.??.??"]
[Round "?"]
[White "Ioseliani, Nana"]
[Black "Akhmilovskaya, Elena"]
[Result "1/2-1/2"]
[WhiteElo "2455"]
[BlackElo "2400"]

1.e4 e5 2.Nf3 Nc6 3.Bb5 a6 4.Ba4 Nf6 5.O-O Be7 6.Re1 b5 7.Bb3 d6 8.c3 O-O
9.h3 Bb7 10.d4 Re8 11.Ng5 Rf8 12.Nf3 Re8 13.Nbd2 Bf8 14.Bc2 g6 15.d5 Nb8
16.b3 c6 17.c4 Qc7 18.Nf1 Nbd7 19.Bg5 h6 20.Be3 a5 21.Rc1 Ba6 22.Bd3 bxc4
23.bxc4 Rab8 24.Qd2 Nc5 25.Bxc5 dxc5 26.Ne3 Rbd8 27.Qc3 h5 28.Nd2 Rb8 29.dxc6 a4  1/2-1/2

[Event "Val Maubuee op"]
[Site "Val Maubuee"]
[Date "1988.??.??"]
[Round "?"]
[White "Fortin, Jean"]
[Black "Condamine, JP."]
[Result "1/2-1/2"]
[WhiteElo "1790"]
[BlackElo "1680"]

1.e4 e5 2.Nf3 Nc6 3.Bb5 a6 4.Ba4 Nf6 5.O-O Be7 6.Re1 b5 7.Bb3 d6 8.c3 O-O
9.h3 Bb7 10.d4 h6 11.a4 Re8 12.axb5 axb5 13.Rxa8 Qxa8 14.Na3 Ba6 15.d5 Na5
16.Ba2 c5 17.dxc6 Qxc6 18.Nc2 Qa8 19.Na3 Rc8 20.b4 Nc4 21.Nxc4 bxc4 22.Qa4 Qb7
23.Qc2 Bb5 24.Qe2 Ra8 25.Bb1 Bd8 26.Nd2 Qc6 27.Nf1 Bb6 28.Be3 Ra3 29.Bxb6 Qxb6
30.Qd2 Ra8 31.Ng3 Bd7 32.Rd1 Ra1 33.Ba2 Rxd1+ 34.Qxd1 Qa6 35.Qe2 Be6 36.Qb2 Qb5
37.Qa3 Nd7 38.Nf1 Nb6 39.Qa5 Bd7 40.Ne3 Bc6 41.Nf5 Qxa5 42.bxa5 Nc8 43.f3 d5
44.exd5 Bxd5 45.Ne3 Be6 46.Bxc4 Bxc4 47.Nxc4 f6 48.Nb6 Na7 49.Kf2 Kf7 50.Ke3 Ke6
51.Kd3 f5 52.Kc4 Kd6 53.Kb4 g6 54.c4 e4 55.c5+ Ke5 56.Nc4+ Kd4 57.fxe4 fxe4  1/2-1/2